000 00793nas a2200265 4500
001 BR9502630
003 BR-BrBNA
005 20231205094334.0
007 ta
008 230509b bl.|||p| |||| 00| 00por d
040 _aBR-BrBNA
_bpor
_cBiblioteca Nacional de Agricultura
041 _a(Pt)
072 _aQ02; Q03
100 1 _aLeitao, M.F. de F.
245 1 _aBacterias termofilas em alimentos
650 _aAlimento
650 _aPreservacao de Alimento
650 _aEsterilizacao
650 _aPasteurizacao
650 _aResfriamento
650 _aToxicologia de Alimento
773 0 _tBoletim do Centro Tropical de Pesquisas e Tecnologia de Alimentos (Brazil)
_x
_g(Dec 1967), no. 15 p. 1-15
_wBR9502630
909 _a202311
_bLúcia
_c55
_dLúcia Elande
942 _2AGRIS
_n0
_cANA
999 _c143667
_d143667